000 01684nam a22002417a 4500
999 _c5428
_d5428
003 OSt
005 20250701122404.0
008 180320b xxu||||| |||| 00| 0 spa d
020 _a9789874798619
040 _cPJ
100 _93802
_aLöffler, Ernesto Adrián
245 1 0 _aConstitución de la provincia de Tierra de Fuego, Antártida e Islas del Atlántico Sur :
_bcomentada, anotada y concordada en base a los debates . Tomo II /
_cDoctor Ernesto Adrián Loffler, coordinador Magister Francisco José Cappellotti, colaboradoras Magister Mariana Sanchéz Caparrós, Magister Paola Mangialavori y abogada Julieta Frick.
260 _aUshuaia :
_bLa Lenga,
_c2023.
300 _a556 p.
_c23 cm.
505 _aPRIMERA PARTE Declaraciones, Derechos ,Deberes Garantías y Políticas Espaciales. Titulo I Declaraciones, Derechos Deberes y Garantías. SEGUNDA PARTE DERECHOS. Capitulo I 1. Derechos Procesarles. Capitulo II 1. Derechos Sociales. Capitulo III 1. Derechos Políticos Capitulo IV 1. Asociaciones y Sociedades Intermedias. TERCERA PARTE 1. Deberes Titulo II Políticas Especiales del Estado,. Capitulo I 1. Previsión y Seguridad y Salud. Capitulo II 1. Ecología. Capitulo III 1. Educación y Cultura. Capitulo IV 1.Régimen Económico. Capitulo V 1. Política de Recursos Naturales.
650 0 _9178
_aDERECHO CONSTITUCIONAL
650 0 _93680
_aCONSTITUCION PROVINCIAL
651 0 _92403
_aTIERRA DEL FUEGO
700 _93817
_aCappellotti, Francisco José
_ecoordinador
700 _95498
_aSánchez Caparrós, Mariana
_ecolaboradora
700 _95965
_aFrick, Julieta
_ecolaboradora
942 _2udc
_cLIB
_h342.4(829.0)
_iCON